000 01242nam a22003857a 4500
001 0003181
003 KOHA_MİRAKIL
005 20260207001330.0
007 ta
008 090323b2003 tu |||gr||||#||||0|tur |
020 _a9758156756
040 _aTR-BiSEU
_btur
_cTR-BiSEU
_erda
041 0 _atur
044 _ctu
050 _aHD45
_b.S56 2003
100 1 _aŞimşek, M. Şerif.
245 1 _aTeknoloji yönetimi ve örgütsel değişim/
_cM. Şerif Şimşek ; M. Şerif Şimşek, H. Bahadır Akın.
264 1 _aKonya :
_bÇizgi Kitabevi
_c2003
300 _a379 sayfa: resimli; 21 cm.
336 _ametin
_btxt
_2rdacontent
337 _aaracısız
_bn
_2rdamedia
338 _acilt
_bnc
_2rdacarrier
490 1 _aÇizgi Kitabevi yayınları ;
_v56.
490 1 _aÜniversite ;
_v15.
500 _aKaynakça var.
650 0 _aTeknoloji--Yönetim.
_98006
650 0 _aÖrgütsel değişme.
_93176
650 0 _aTeknolojik yenilikler Yönetim.
_98007
650 0 _aTechnology--Management.
_98008
650 0 _aOrganizational change.
_98009
650 0 _aTechnological innovations Management.
_98010
830 1 _aÇizgi Kitabevi yayınları ;
_v56.
_98011
830 1 _aÜniversite ;
_v15.
_98012
942 _2lcc
_cBK
999 _c3165
_d3165